Svätý grál marketingu možno nájdete počítačom

Bibliographic Details
Main Author: Babiak, Martin (Author)
Format: Article
Language:Slovak
PhysicalDescription:Sch.
ISSN:1336-1864
Subjects:

MARC

LEADER 00000nab a2200000 a 4500
001 vtls001522423
003 SK-MaSNL
005 20260303094635.0
008 050405c2004 xo qr|n|||||||000 b|slo
015 |a SNBRB2005/04  |2 snkbucl 
038 |a SNKBUCL 
040 |a SNKBUCL  |b slo  |c SNKBUCL  |e AACR2 
041 0 |a slo 
044 |a xo  |c SK 
080 |a 658.8:004.94  |2 UDC-MRF-SK2 
080 |a 004.94  |2 UDC-MRF-SK2 
080 |a 004.8  |2 UDC-MRF-SK2 
080 |a 519.876.5  |2 UDC-MRF-SK2 
080 |a 339.138  |2 UDC-MRF-SK2 
100 1 |a Babiak, Martin  |4 aut  |9 13382 
245 1 0 |a Svätý grál marketingu možno nájdete počítačom  |c Martin Babiak 
300 |b Sch. 
500 |a Pokračovanie v č. 1-4/2005, 1-4/2006 a 1-2/2007 
650 0 7 |a marketing  |2 snkbucl  |9 2299 
650 0 7 |a multiagentová simulácia  |2 snkbucl  |9 1107104 
773 0 |t Marketingová panoráma  |g Roč. 2., č. 3-4 (2004), s. 57-59  |x 1336-1864 
852 |a SNK  |b KIS3GCP 
999 |c 1821792  |d 1823722